|
|
|
|
| LEADER |
00000nab a2200000 a 4500 |
| 001 |
vtls009306607 |
| 003 |
SK-MaSNL |
| 005 |
20260304172904.0 |
| 008 |
250526c2008 xo |||||||||||000 b|slo |
| 015 |
|
|
|a SNBRB2008/06
|2 snkbucl
|
| 035 |
|
|
|a (uuid)5df3eaca-3f8f-450d-aab9-8501b4a8056b
|
| 035 |
|
|
|a urn:nbn:sk:snk-ab12ny
|
| 035 |
|
|
|a (urnnbn)urn:nbn:sk:snk:ar-005bsd
|
| 038 |
|
|
|a SNKBUCL
|
| 040 |
|
|
|a SNKBUCL
|b slo
|c SNKBUCL
|e AACR2
|
| 041 |
0 |
|
|a slo
|
| 044 |
|
|
|a xo
|c SK
|
| 080 |
|
|
|a 630*4:061.3
|x (100)
|2 1997
|
| 100 |
1 |
|
|a Marko, Jozef
|4 aut
|9 632205
|
| 245 |
1 |
0 |
|a Niekde už stromy bojujú len sami za seba
|c spracoval Jozef Marko
|
| 300 |
|
|
|b Fotogr.
|
| 611 |
2 |
7 |
|a Aktuálne problémy v ochrane lesa
|d (2008 :
|c Horný Smokovec, Slovensko)
|2 snkbucl
|9 1502768
|
| 650 |
0 |
7 |
|a ochrana lesa
|2 snkbucl
|9 2455
|
| 773 |
0 |
|
|t Les & Slovenské lesokruhy
|g Roč. 64/7, č. 5-6 (2008), s. 8-11
|x 1337-088X
|
| 850 |
|
|
|a Slovenská národná knižnica
|
| 852 |
|
|
|a Slovenská národná knižnica
|
| 954 |
|
|
|a odborná, vedecká literatúra pôvodná (slovenská)
|2 lita
|
| 958 |
|
|
|a ONDV
|
| 958 |
|
|
|a article2022
|
| 958 |
|
|
|a SK
|
| 999 |
|
|
|c 3000556
|d 3002486
|